[Event "Rapid 2018"]
[Site "Saint-Petersburg"]
[Date "2018.12.27"]
[Round "10"]
[Board "65"]
[White "Novikov Stanislav (RUS)"]
[Black "Belozerov Andrei (RUS)"]
[Result "1-0"]
[LiveChessVersion "1.4.8"]
[BlackElo "2511"]
[WhiteElo "2605"]

1. e4 {[%clk 0:15:19]} c6 {[%clk 0:15:20]} 2. d3 {[%clk 0:15:09]} d5
{[%clk 0:15:29]} 3. Nd2 {[%clk 0:15:18]} e5 {[%clk 0:15:38]} 4. Ngf3
{[%clk 0:15:26]} Bd6 {[%clk 0:15:47]} 5. g3 {[%clk 0:15:34]} Nf6 {[%clk 0:15:56]}
6. Bg2 {[%clk 0:15:43]} O-O {[%clk 0:16:03]} 7. O-O {[%clk 0:15:51]} Re8
{[%clk 0:16:12]} 8. c3 {[%clk 0:15:59]} Nbd7 {[%clk 0:16:14]} 9. Qc2
{[%clk 0:16:07]} Qc7 {[%clk 0:16:18]} 10. b3 {[%clk 0:16:10]} b6 {[%clk 0:16:19]}
11. Bb2 {[%clk 0:16:09]} Ba6 {[%clk 0:16:18]} 12. Rfe1 {[%clk 0:16:15]} Rad8
{[%clk 0:14:18]} 13. a3 {[%clk 0:15:24]} Bf8 {[%clk 0:13:58]} 14. b4
{[%clk 0:15:26]} g6 {[%clk 0:13:40]} 15. c4 {[%clk 0:14:46]} d4 {[%clk 0:13:29]}
16. Nb3 {[%clk 0:14:26]} c5 {[%clk 0:13:26]} 17. b5 {[%clk 0:14:09]} Bc8
{[%clk 0:13:13]} 18. a4 {[%clk 0:14:18]} Bh6 {[%clk 0:12:32]} 19. a5
{[%clk 0:14:22]} Nf8 {[%clk 0:12:20]} 20. Ra2 {[%clk 0:13:24]} Nh5
{[%clk 0:11:50]} 21. Rea1 {[%clk 0:11:26]} Bb7 {[%clk 0:11:49]} 22. Bc1
{[%clk 0:11:21]} Bxc1 {[%clk 0:11:52]} 23. Qxc1 {[%clk 0:11:29]} Kg7
{[%clk 0:11:46]} 24. Nh4 {[%clk 0:11:25]} Ne6 {[%clk 0:11:23]} 25. Nd2
{[%clk 0:09:44]} Qe7 {[%clk 0:11:00]} 26. Qd1 {[%clk 0:08:25]} Kh8
{[%clk 0:10:56]} 27. Ndf3 {[%clk 0:07:44]} Neg7 {[%clk 0:10:21]} 28. Qd2
{[%clk 0:07:40]} f6 {[%clk 0:09:44]} 29. axb6 {[%clk 0:06:12]} axb6
{[%clk 0:09:53]} 30. Ra7 {[%clk 0:06:20]} Kg8 {[%clk 0:09:41]} 31. Bh3
{[%clk 0:06:11]} Ra8 {[%clk 0:08:33]} 32. Ng2 {[%clk 0:05:14]} Rxa7
{[%clk 0:05:59]} 33. Rxa7 {[%clk 0:05:22]} Ra8 {[%clk 0:06:09]} 34. Qa2
{[%clk 0:03:13]} Qd8 {[%clk 0:05:47]} 35. Nfh4 {[%clk 0:01:29]} Qb8
{[%clk 0:03:43]} 36. Rxa8 {[%clk 0:01:37]} Qxa8 {[%clk 0:03:52]} 37. Qxa8+
{[%clk 0:01:46]} Bxa8 {[%clk 0:04:01]} 38. f4 {[%clk 0:01:54]} exf4
{[%clk 0:03:52]} 39. g4 {[%clk 0:01:49]} f5 {[%clk 0:02:11]} 40. gxh5
{[%clk 0:01:43]} fxe4 {[%clk 0:02:15]} 41. dxe4 {[%clk 0:01:13]} Bxe4
{[%clk 0:01:43]} 42. hxg6 {[%clk 0:01:00]} hxg6 {[%clk 0:01:47]} 43. Kf2
{[%clk 0:00:46]} Kf7 {[%clk 0:01:37]} 44. Nf3 {[%clk 0:00:47]} Bxf3
{[%clk 0:00:49]} 45. Kxf3 {[%clk 0:00:56]} g5 {[%clk 0:00:58]} 46. Ke4
{[%clk 0:00:46]} Nh5 {[%clk 0:00:58]} 47. Ne1 {[%clk 0:00:42]} Nf6+
{[%clk 0:00:38]} 48. Kf5 {[%clk 0:00:47]} Nh7 {[%clk 0:00:29]} 49. Nf3
{[%clk 0:00:40]} Ke7 {[%clk 0:00:32]} 50. Bf1 {[%clk 0:00:44]} Kd6
{[%clk 0:00:26]} 51. Bd3 {[%clk 0:00:48]} Nf8 {[%clk 0:00:23]} 52. Nxg5
{[%clk 0:00:53]} Nd7 {[%clk 0:00:32]} 53. Ne4+ {[%clk 0:00:54]} Ke7
{[%clk 0:00:41]} 54. Kxf4 Nf8 55. Ng5 {[%clk 0:01:04]} Nd7 {[%clk 0:00:55]} 56.
h4 {[%clk 0:01:09]} Nf6 {[%clk 0:01:04]} 57. Be2 {[%clk 0:01:04]} 1-0

[Event "Rapid 2018"]
[Site "Saint-Petersburg"]
[Date "2018.12.27"]
[Round "10"]
[Board "66"]
[White "Miton Kamil (POL)"]
[Black "Carlsson Pontus (SWE)"]
[Result "1/2-1/2"]
[LiveChessVersion "1.4.8"]
[BlackElo "2463"]
[WhiteElo "2590"]

1. d4 {[%clk 0:15:17]} Nf6 {[%clk 0:15:07]} 2. c4 {[%clk 0:15:25]} e6
{[%clk 0:15:16]} 3. g3 {[%clk 0:15:32]} c5 {[%clk 0:15:22]} 4. Nf3
{[%clk 0:15:40]} cxd4 {[%clk 0:15:22]} 5. Nxd4 {[%clk 0:15:47]} Qc7
{[%clk 0:15:25]} 6. Bg2 {[%clk 0:15:43]} a6 {[%clk 0:15:27]} 7. O-O
{[%clk 0:15:44]} Qxc4 {[%clk 0:15:19]} 8. Nc3 {[%clk 0:15:37]} Nc6
{[%clk 0:15:22]} 9. Nb3 {[%clk 0:15:34]} Qb4 {[%clk 0:13:29]} 10. a3
{[%clk 0:13:12]} Qb6 {[%clk 0:12:17]} 11. e4 {[%clk 0:12:14]} d6 {[%clk 0:11:47]}
12. Be3 {[%clk 0:12:18]} Qd8 {[%clk 0:11:53]} 13. f4 {[%clk 0:10:53]} Be7
{[%clk 0:11:11]} 14. g4 {[%clk 0:10:55]} h5 {[%clk 0:09:49]} 15. h3
{[%clk 0:10:59]} hxg4 {[%clk 0:09:55]} 16. hxg4 {[%clk 0:11:08]} Rh4
{[%clk 0:08:13]} 17. Bf3 {[%clk 0:11:03]} g5 {[%clk 0:07:32]} 18. Kg2
{[%clk 0:09:36]} gxf4 {[%clk 0:07:19]} 19. Bxf4 {[%clk 0:09:45]} Ne5
{[%clk 0:06:51]} 20. Bxe5 {[%clk 0:06:48]} dxe5 {[%clk 0:06:59]} 21. Rh1
{[%clk 0:06:51]} Qxd1 {[%clk 0:05:57]} 22. Raxd1 {[%clk 0:07:00]} Rxh1
{[%clk 0:05:27]} 23. Rxh1 {[%clk 0:07:08]} Nd7 {[%clk 0:04:58]} 24. Na5
{[%clk 0:06:56]} b6 {[%clk 0:03:56]} 25. Rh8+ {[%clk 0:06:32]} Bf8
{[%clk 0:03:55]} 26. Nc4 {[%clk 0:06:40]} Ke7 {[%clk 0:03:11]} 27. g5
{[%clk 0:06:24]} b5 {[%clk 0:01:00]} 28. Na5 {[%clk 0:06:22]} Nc5
{[%clk 0:01:03]} 29. Nc6+ {[%clk 0:05:39]} Kd6 {[%clk 0:01:04]} 30. Rxf8
{[%clk 0:05:39]} Kxc6 {[%clk 0:01:12]} 31. Rxf7 {[%clk 0:05:43]} Bd7
{[%clk 0:01:06]} 32. g6 {[%clk 0:04:40]} Rg8 {[%clk 0:01:14]} 33. g7
{[%clk 0:04:48]} Be8 {[%clk 0:01:15]} 34. Re7 {[%clk 0:04:32]} Kd6
{[%clk 0:01:14]} 35. Ra7 {[%clk 0:04:40]} Bd7 {[%clk 0:01:11]} 36. b4
{[%clk 0:04:41]} Rxg7+ {[%clk 0:01:11]} 37. Kf2 {[%clk 0:04:43]} Nb3
{[%clk 0:00:38]} 38. Rxa6+ {[%clk 0:04:50]} Ke7 {[%clk 0:00:40]} 39. Ra7
{[%clk 0:04:42]} Nd4 {[%clk 0:00:41]} 40. Be2 {[%clk 0:04:45]} Kf8
{[%clk 0:00:13]} 41. Ra5 {[%clk 0:03:54]} Bc6 {[%clk 0:00:14]} 42. Bxb5
{[%clk 0:03:54]} Rf7+ {[%clk 0:00:13]} 43. Ke1 {[%clk 0:03:49]} Rf3
{[%clk 0:00:12]} 44. Bxc6 {[%clk 0:03:25]} Rxc3 {[%clk 0:00:18]} 45. Bb7
{[%clk 0:02:54]} Ke7 {[%clk 0:00:11]} 46. a4 {[%clk 0:02:27]} Rc7
{[%clk 0:00:19]} 47. Ba6 {[%clk 0:02:10]} Nc2+ {[%clk 0:00:28]} 48. Kd2
{[%clk 0:02:18]} Nxb4 {[%clk 0:00:37]} 49. Bb5 {[%clk 0:02:23]} Rc2+
{[%clk 0:00:23]} 50. Kd1 {[%clk 0:02:32]} Rc7 {[%clk 0:00:31]} 51. Ra8
{[%clk 0:02:38]} Na2 {[%clk 0:00:19]} 52. Kd2 {[%clk 0:02:33]} Nb4
{[%clk 0:00:14]} 53. a5 {[%clk 0:02:22]} Rc2+ {[%clk 0:00:18]} 54. Kd1
{[%clk 0:02:30]} Ra2 {[%clk 0:00:23]} 55. a6 {[%clk 0:02:37]} Kd6
{[%clk 0:00:14]} 56. Bc4 {[%clk 0:02:05]} Ra1+ {[%clk 0:00:15]} 57. Kd2
{[%clk 0:02:13]} Kc5 {[%clk 0:00:18]} 58. a7 {[%clk 0:00:29]} Nc6
{[%clk 0:00:25]} 59. Bxe6 {[%clk 0:00:21]} Rxa7 {[%clk 0:00:32]} 60. Rxa7
{[%clk 0:00:29]} Nxa7 {[%clk 0:00:41]} 61. Ke3 {[%clk 0:00:36]} Nb5
{[%clk 0:00:46]} 62. Bf5 {[%clk 0:00:41]} Kc4 {[%clk 0:00:41]} 63. Be6+
{[%clk 0:00:46]} Kc3 {[%clk 0:00:39]} 64. Bd5 {[%clk 0:00:53]} Na3
{[%clk 0:00:45]} 65. Bc6 {[%clk 0:00:51]} Nc2+ {[%clk 0:00:54]} 66. Kf2
{[%clk 0:00:56]} Kd2 {[%clk 0:01:01]} 67. Bb7 {[%clk 0:01:02]} Nb4
{[%clk 0:01:07]} 68. Kf3 {[%clk 0:01:09]} Nd3 {[%clk 0:01:05]} 69. Kg4
{[%clk 0:01:13]} Ke3 {[%clk 0:01:11]} 70. Kf5 {[%clk 0:01:21]} Kd4
{[%clk 0:01:19]} 71. Ba8 {[%clk 0:01:27]} Nf2 {[%clk 0:01:26]} 72. Bb7
{[%clk 0:01:34]} Nd1 {[%clk 0:01:35]} 73. Ba8 {[%clk 0:01:41]} Ne3+
{[%clk 0:01:44]} 74. Ke6 {[%clk 0:01:49]} Nd1 {[%clk 0:01:41]} 75. Kf5
{[%clk 0:01:57]} Nb2 {[%clk 0:01:49]} 76. Bb7 {[%clk 0:02:03]} Nc4
{[%clk 0:01:57]} 77. Ba8 {[%clk 0:02:10]} Nd6+ {[%clk 0:02:04]} 78. Kg4
{[%clk 0:02:19]} Nxe4 {[%clk 0:02:11]} 79. Kf3 {[%clk 0:02:27]} Nd2+
{[%clk 0:02:11]} 80. Ke2 {[%clk 0:02:36]} Nb1 {[%clk 0:02:20]} 81. Bb7
{[%clk 0:02:44]} Nc3+ {[%clk 0:02:29]} 82. Kd2 {[%clk 0:02:46]} Nb5
{[%clk 0:02:36]} 83. Ba8 {[%clk 0:02:52]} Nc7 {[%clk 0:02:46]} 84. Bb7
{[%clk 0:03:00]} Ne6 {[%clk 0:02:55]} 85. Ba8 {[%clk 0:03:07]} Nf4
{[%clk 0:03:00]} 86. Bb7 {[%clk 0:03:15]} Nd3 {[%clk 0:03:05]} 87. Ba8
{[%clk 0:03:22]} Nb2 {[%clk 0:03:12]} 88. Bb7 {[%clk 0:03:30]} Nc4+
{[%clk 0:03:21]} 89. Ke2 {[%clk 0:03:38]} Nb6 {[%clk 0:03:25]} 90. Bc6
{[%clk 0:03:46]} Kc5 {[%clk 0:03:33]} 91. Bb7 {[%clk 0:03:51]} Kd6
{[%clk 0:03:42]} 92. Be4 {[%clk 0:03:57]} Ke6 {[%clk 0:03:50]} 93. Bb7
{[%clk 0:04:03]} Kf5 {[%clk 0:03:58]} 94. Bc6 {[%clk 0:04:10]} Kf4
{[%clk 0:04:05]} 95. Bb7 {[%clk 0:04:17]} Na4 {[%clk 0:04:14]} 96. Ba8
{[%clk 0:04:21]} Nc3+ {[%clk 0:04:23]} 97. Kd2 {[%clk 0:04:27]} Ne4+
{[%clk 0:04:28]} 98. Ke2 {[%clk 0:04:36]} Ng3+ {[%clk 0:04:30]} 99. Kd2
{[%clk 0:04:42]} e4 {[%clk 0:04:16]} 100. Bxe4 1/2-1/2

[Event "Rapid 2018"]
[Site "Saint-Petersburg"]
[Date "2018.12.27"]
[Round "10"]
[Board "67"]
[White "Sanikidze Tornike (GEO)"]
[Black "Indjic Aleksandar (SRB)"]
[Result "0-1"]
[LiveChessVersion "1.4.8"]
[BlackElo "2575"]
[WhiteElo "2483"]

1. d4 {[%clk 0:15:18]} Nf6 {[%clk 0:15:17]} 2. c4 {[%clk 0:15:23]} c5
{[%clk 0:15:23]} 3. d5 {[%clk 0:15:30]} e6 {[%clk 0:15:29]} 4. Nf3
{[%clk 0:15:10]} d6 {[%clk 0:15:36]} 5. Nc3 {[%clk 0:15:18]} exd5
{[%clk 0:15:41]} 6. cxd5 {[%clk 0:15:26]} g6 {[%clk 0:15:48]} 7. Bf4
{[%clk 0:15:32]} a6 {[%clk 0:15:53]} 8. a4 {[%clk 0:15:40]} Bg7 {[%clk 0:15:58]}
9. h3 {[%clk 0:15:47]} O-O {[%clk 0:16:04]} 10. e3 {[%clk 0:15:55]} Ne8
{[%clk 0:16:09]} 11. Be2 {[%clk 0:15:27]} Nd7 {[%clk 0:16:15]} 12. O-O
{[%clk 0:15:35]} Rb8 {[%clk 0:16:04]} 13. Re1 {[%clk 0:15:32]} Qe7
{[%clk 0:16:10]} 14. Bf1 {[%clk 0:15:15]} Nc7 {[%clk 0:16:07]} 15. Qd2
{[%clk 0:14:56]} h6 {[%clk 0:13:44]} 16. Bg3 {[%clk 0:14:54]} g5 {[%clk 0:12:27]}
17. e4 {[%clk 0:13:18]} f6 {[%clk 0:12:17]} 18. a5 {[%clk 0:12:29]} Ne5
{[%clk 0:12:23]} 19. Nxe5 {[%clk 0:12:37]} fxe5 {[%clk 0:12:27]} 20. b4
{[%clk 0:12:44]} cxb4 {[%clk 0:12:24]} 21. Na4 {[%clk 0:12:52]} g4
{[%clk 0:12:28]} 22. h4 {[%clk 0:12:03]} Bd7 {[%clk 0:12:12]} 23. Nb6
{[%clk 0:11:10]} Bb5 {[%clk 0:12:19]} 24. Nc4 {[%clk 0:11:18]} Bxc4
{[%clk 0:12:17]} 25. Bxc4 {[%clk 0:11:26]} Ne8 {[%clk 0:12:24]} 26. Rab1
{[%clk 0:11:07]} Nf6 {[%clk 0:12:31]} 27. Rxb4 {[%clk 0:11:14]} Rbc8
{[%clk 0:11:38]} 28. Be2 {[%clk 0:11:05]} Rc7 {[%clk 0:11:32]} 29. Reb1
{[%clk 0:10:49]} Rfc8 {[%clk 0:11:28]} 30. Qd1 {[%clk 0:10:28]} h5
{[%clk 0:11:32]} 31. Qd2 {[%clk 0:09:45]} Kh7 {[%clk 0:11:40]} 32. Bd3
{[%clk 0:07:37]} Bh6 {[%clk 0:11:43]} 33. Qb2 {[%clk 0:07:46]} Rc1+
{[%clk 0:11:21]} 34. Rxc1 {[%clk 0:06:47]} Rxc1+ {[%clk 0:11:28]} 35. Kh2
{[%clk 0:06:56]} Rc7 {[%clk 0:11:36]} 36. Rb6 {[%clk 0:06:58]} Kg7
{[%clk 0:10:56]} 37. Bc2 {[%clk 0:05:28]} Bf4 {[%clk 0:10:27]} 38. Kg1
{[%clk 0:05:19]} Kf7 {[%clk 0:08:48]} 39. Kf1 {[%clk 0:04:25]} Kg7
{[%clk 0:05:02]} 40. Ke2 {[%clk 0:03:28]} Kf7 {[%clk 0:05:09]} 41. Kd1
{[%clk 0:03:13]} Bh6 {[%clk 0:04:26]} 42. Qb4 {[%clk 0:03:03]} Bf8
{[%clk 0:04:14]} 43. Ba4 {[%clk 0:00:39]} Kg8 {[%clk 0:04:14]} 44. Bc2
{[%clk 0:00:42]} Qh7 {[%clk 0:04:15]} 45. Qb1 {[%clk 0:00:31]} Rc4
{[%clk 0:01:59]} 46. Rxb7 {[%clk 0:00:31]} Qh6 {[%clk 0:02:08]} 47. Bd3
{[%clk 0:00:21]} Rd4 {[%clk 0:02:10]} 48. Ke2 {[%clk 0:00:30]} Nxe4
{[%clk 0:02:14]} 49. Bxe4 {[%clk 0:00:32]} Qd2+ {[%clk 0:02:21]} 50. Kf1
{[%clk 0:00:40]} Rc4 {[%clk 0:02:30]} 51. Kg1 {[%clk 0:00:15]} Rc1+
{[%clk 0:02:38]} 52. Qxc1 {[%clk 0:00:23]} Qxc1+ {[%clk 0:02:47]} 53. Kh2
{[%clk 0:00:32]} Bh6 {[%clk 0:02:43]} 54. Rh7 {[%clk 0:00:14]} Bf4
{[%clk 0:02:50]} 55. Rxh5 {[%clk 0:00:21]} Qe1 {[%clk 0:02:56]} 56. Bh7+
{[%clk 0:00:15]} Kg7 {[%clk 0:03:04]} 57. Bxf4 {[%clk 0:00:13]} exf4
{[%clk 0:03:10]} 58. Bf5 {[%clk 0:00:22]} g3+ {[%clk 0:02:48]} 59. fxg3
{[%clk 0:00:25]} Qxg3+ {[%clk 0:02:55]} 60. Kh1 {[%clk 0:00:34]} Qe1+
{[%clk 0:02:50]} 61. Kh2 {[%clk 0:00:42]} Qxa5 {[%clk 0:02:58]} 62. Be4
{[%clk 0:00:12]} Qe1 {[%clk 0:02:35]} 63. Rg5+ {[%clk 0:00:12]} Kh6
{[%clk 0:02:42]} 64. Rg6+ {[%clk 0:00:12]} Kh5 {[%clk 0:02:51]} 65. Rg5+
{[%clk 0:00:11]} Kxh4 {[%clk 0:02:53]} 0-1

[Event "Rapid 2018"]
[Site "Saint-Petersburg"]
[Date "2018.12.27"]
[Round "10"]
[Board "68"]
[White "Lomasov Semyon (RUS)"]
[Black "Huzman Alexander (ISR)"]
[Result "1-0"]
[LiveChessVersion "1.4.8"]
[BlackElo "2572"]
[WhiteElo "2416"]

1. e4 {[%clk 0:15:19]} e6 {[%clk 0:15:19]} 2. d4 {[%clk 0:15:27]} d5
{[%clk 0:15:28]} 3. Nc3 {[%clk 0:15:36]} dxe4 {[%clk 0:15:35]} 4. Nxe4
{[%clk 0:15:44]} Nd7 {[%clk 0:15:44]} 5. Nf3 {[%clk 0:15:51]} Ngf6
{[%clk 0:15:53]} 6. Nxf6+ {[%clk 0:15:59]} Nxf6 {[%clk 0:16:01]} 7. Be3
{[%clk 0:16:07]} Bd6 {[%clk 0:15:39]} 8. Bd3 {[%clk 0:16:14]} a6 {[%clk 0:14:48]}
9. Qe2 {[%clk 0:15:37]} b5 {[%clk 0:14:07]} 10. O-O-O {[%clk 0:15:39]} Bb7
{[%clk 0:13:16]} 11. Kb1 {[%clk 0:15:41]} O-O {[%clk 0:13:06]} 12. Bg5
{[%clk 0:15:48]} h6 {[%clk 0:11:37]} 13. h4 {[%clk 0:15:53]} Bxf3
{[%clk 0:11:15]} 14. Qxf3 {[%clk 0:15:59]} Be7 {[%clk 0:11:24]} 15. g4
{[%clk 0:14:04]} Qd5 {[%clk 0:11:21]} 16. Qh3 {[%clk 0:14:13]} Rad8
{[%clk 0:10:50]} 17. c3 {[%clk 0:13:38]} c5 {[%clk 0:10:39]} 18. Bxf6
{[%clk 0:13:35]} gxf6 {[%clk 0:10:29]} 19. Qe3 {[%clk 0:10:56]} Kg7
{[%clk 0:10:35]} 20. Be4 {[%clk 0:11:02]} cxd4 {[%clk 0:10:06]} 21. cxd4
{[%clk 0:11:08]} Qd6 {[%clk 0:09:10]} 22. d5 {[%clk 0:10:57]} Qc5
{[%clk 0:07:42]} 23. Qf3 {[%clk 0:10:46]} Rd6 {[%clk 0:06:35]} 24. Rc1
{[%clk 0:09:38]} Qb6 {[%clk 0:06:43]} 25. g5 {[%clk 0:06:41]} fxg5
{[%clk 0:06:17]} 26. hxg5 {[%clk 0:06:50]} Bxg5 {[%clk 0:06:26]} 27. Rxh6
{[%clk 0:03:20]} Kxh6 {[%clk 0:06:16]} 28. Rh1+ {[%clk 0:03:22]} Kg7
{[%clk 0:06:25]} 29. Qc3+ {[%clk 0:01:13]} f6 {[%clk 0:05:48]} 30. Rh7+
{[%clk 0:01:15]} Kg8 {[%clk 0:05:56]} 31. Rh8+ {[%clk 0:01:23]} Kg7
{[%clk 0:05:57]} 32. Rh7+ {[%clk 0:01:31]} Kg8 {[%clk 0:06:06]} 33. Qh3
{[%clk 0:00:48]} f5 {[%clk 0:05:49]} 34. Qh5 {[%clk 0:00:32]} exd5
{[%clk 0:04:36]} 35. Rh8+ {[%clk 0:00:40]} Kg7 {[%clk 0:04:45]} 36. Qh7+
{[%clk 0:00:47]} Kf6 {[%clk 0:04:53]} 37. Qxf5+ {[%clk 0:00:53]} 1-0

[Event "Rapid 2018"]
[Site "Saint-Petersburg"]
[Date "2018.12.27"]
[Round "10"]
[Board "69"]
[White "Gasanov Eldar (UKR)"]
[Black "Usmanov Vasily (RUS)"]
[Result "1-0"]
[LiveChessVersion "1.4.8"]
[BlackElo "2459"]
[WhiteElo "2547"]

1. Nf3 {[%clk 0:15:16]} d5 {[%clk 0:15:17]} 2. e3 {[%clk 0:15:17]} Bg4
{[%clk 0:15:23]} 3. c4 {[%clk 0:15:19]} dxc4 {[%clk 0:15:32]} 4. Bxc4
{[%clk 0:15:21]} e6 {[%clk 0:15:40]} 5. d4 {[%clk 0:13:47]} Nc6 {[%clk 0:15:37]}
6. h3 {[%clk 0:13:02]} Bh5 {[%clk 0:15:41]} 7. Bb5 {[%clk 0:11:58]} Bb4+
{[%clk 0:15:48]} 8. Nc3 {[%clk 0:11:59]} Nge7 {[%clk 0:15:51]} 9. a3
{[%clk 0:11:28]} Bd6 {[%clk 0:15:59]} 10. Ne4 {[%clk 0:10:51]} a6
{[%clk 0:16:03]} 11. Be2 {[%clk 0:10:54]} O-O {[%clk 0:16:06]} 12. O-O
{[%clk 0:10:39]} Bg6 {[%clk 0:15:52]} 13. Nxd6 {[%clk 0:10:03]} cxd6
{[%clk 0:16:00]} 14. Bd2 {[%clk 0:09:57]} Qd7 {[%clk 0:15:52]} 15. Qb3
{[%clk 0:09:45]} Rfc8 {[%clk 0:15:52]} 16. Rfc1 {[%clk 0:09:50]} h6
{[%clk 0:15:50]} 17. Ne1 {[%clk 0:09:31]} Nd5 {[%clk 0:13:50]} 18. Nd3
{[%clk 0:09:14]} Nce7 {[%clk 0:13:07]} 19. f3 {[%clk 0:09:03]} f5
{[%clk 0:13:14]} 20. a4 {[%clk 0:08:04]} Rxc1+ {[%clk 0:13:22]} 21. Rxc1
{[%clk 0:08:13]} Rc8 {[%clk 0:13:29]} 22. Kf2 {[%clk 0:07:17]} Rxc1
{[%clk 0:13:36]} 23. Bxc1 {[%clk 0:07:09]} Be8 {[%clk 0:13:25]} 24. Bd2
{[%clk 0:06:37]} Qxa4 {[%clk 0:12:46]} 25. Qxb7 {[%clk 0:06:35]} Qc2
{[%clk 0:12:54]} 26. Ke1 {[%clk 0:03:04]} Bb5 {[%clk 0:12:34]} 27. Nc1
{[%clk 0:02:53]} Qc6 {[%clk 0:08:55]} 28. Qxc6 {[%clk 0:02:49]} Nxc6
{[%clk 0:09:02]} 29. Bd1 {[%clk 0:02:23]} Nb6 {[%clk 0:08:25]} 30. Kf2
{[%clk 0:02:20]} Kf7 {[%clk 0:07:22]} 31. g4 {[%clk 0:02:19]} Nc4
{[%clk 0:06:29]} 32. Bc3 {[%clk 0:02:23]} d5 {[%clk 0:06:19]} 33. gxf5
{[%clk 0:02:20]} exf5 {[%clk 0:06:27]} 34. Nd3 {[%clk 0:02:21]} g5
{[%clk 0:06:18]} 35. b3 {[%clk 0:02:24]} Nd6 {[%clk 0:06:15]} 36. Nc5
{[%clk 0:02:12]} a5 {[%clk 0:05:29]} 37. Bc2 {[%clk 0:02:05]} Ke7
{[%clk 0:04:49]} 38. Kg3 {[%clk 0:02:03]} Kf6 {[%clk 0:03:51]} 39. e4
{[%clk 0:01:46]} fxe4 {[%clk 0:03:50]} 40. fxe4 {[%clk 0:01:53]} dxe4
{[%clk 0:03:51]} 41. d5+ {[%clk 0:01:45]} Ne5 {[%clk 0:03:58]} 42. Nxe4+
{[%clk 0:01:18]} Nxe4+ {[%clk 0:04:06]} 43. Bxe4 {[%clk 0:01:27]} a4
{[%clk 0:04:12]} 44. b4 {[%clk 0:01:04]} a3 {[%clk 0:04:06]} 45. h4
{[%clk 0:00:44]} a2 {[%clk 0:03:52]} 46. Bc2 {[%clk 0:00:42]} Bc4
{[%clk 0:03:49]} 47. Be4 {[%clk 0:00:37]} Bb5 {[%clk 0:03:31]} 48. hxg5+
{[%clk 0:00:43]} hxg5 {[%clk 0:03:40]} 49. Kf2 {[%clk 0:00:47]} Bd7
{[%clk 0:03:30]} 50. Ke3 {[%clk 0:00:55]} Bb5 {[%clk 0:03:12]} 51. Bc2
{[%clk 0:00:59]} Bd7 {[%clk 0:02:05]} 52. b5 {[%clk 0:00:54]} Bxb5
{[%clk 0:02:07]} 53. Ke4 {[%clk 0:01:00]} g4 {[%clk 0:02:15]} 54. Kf4
{[%clk 0:00:38]} Bc4 {[%clk 0:02:17]} 55. Bxe5+ {[%clk 0:00:42]} Ke7
{[%clk 0:02:14]} 56. Be4 {[%clk 0:00:35]} g3 {[%clk 0:02:06]} 57. Ke3
{[%clk 0:00:26]} Bf1 {[%clk 0:01:34]} 58. Bf5 {[%clk 0:00:19]} g2
{[%clk 0:01:17]} 59. Kf2 {[%clk 0:00:13]} Bc4 {[%clk 0:00:43]} 60. d6+
{[%clk 0:00:19]} Kf7 {[%clk 0:00:47]} 61. d7 {[%clk 0:00:14]} Ke7
{[%clk 0:00:34]} 62. Bf6+ {[%clk 0:00:12]} Kxf6 {[%clk 0:00:42]} 63. d8=Q+
{[%clk 0:00:19]} Kxf5 {[%clk 0:00:51]} 64. Qa5+ {[%clk 0:00:20]} Ke4
{[%clk 0:00:51]} 65. Kxg2 {[%clk 0:00:23]} Kd3 {[%clk 0:00:58]} 66. Qe5
{[%clk 0:00:17]} Kc2 {[%clk 0:01:06]} 67. Qa1 {[%clk 0:00:24]} Bg8
{[%clk 0:01:13]} 68. Kf2 {[%clk 0:00:29]} Bf7 {[%clk 0:01:22]} 69. Ke2
{[%clk 0:00:32]} Bc4+ {[%clk 0:01:30]} 70. Ke3 {[%clk 0:00:40]} Bg8
{[%clk 0:01:36]} 71. Kd4 {[%clk 0:00:44]} Kd2 {[%clk 0:01:14]} 72. Qb2+
{[%clk 0:00:46]} 1-0

[Event "Rapid 2018"]
[Site "Saint-Petersburg"]
[Date "2018.12.27"]
[Round "10"]
[Board "70"]
[White "Popov Ivan (RUS)"]
[Black "Christiansen Johan-Sebastian (NOR)"]
[Result "1-0"]
[LiveChessVersion "1.4.8"]
[BlackElo "2421"]
[WhiteElo "2542"]

1. e4 {[%clk 0:15:18]} e6 {[%clk 0:15:17]} 2. d4 {[%clk 0:15:26]} d5
{[%clk 0:15:26]} 3. Nd2 {[%clk 0:15:34]} c5 {[%clk 0:15:33]} 4. Ngf3
{[%clk 0:15:42]} cxd4 {[%clk 0:15:41]} 5. Nxd4 {[%clk 0:15:50]} Nf6
{[%clk 0:15:50]} 6. exd5 {[%clk 0:15:59]} Qxd5 {[%clk 0:15:56]} 7. Nb5
{[%clk 0:16:07]} Na6 {[%clk 0:16:04]} 8. Nc3 {[%clk 0:16:03]} Qd6
{[%clk 0:15:50]} 9. a3 {[%clk 0:16:04]} Be7 {[%clk 0:15:54]} 10. Qf3
{[%clk 0:15:50]} O-O {[%clk 0:10:31]} 11. Nc4 {[%clk 0:15:49]} Qd8
{[%clk 0:10:33]} 12. Bf4 {[%clk 0:15:11]} Nc7 {[%clk 0:10:42]} 13. Bd3
{[%clk 0:14:07]} Ncd5 {[%clk 0:10:49]} 14. Be5 {[%clk 0:11:23]} Nd7
{[%clk 0:08:50]} 15. Bd4 {[%clk 0:09:39]} Nxc3 {[%clk 0:08:20]} 16. Bxc3
{[%clk 0:09:41]} Nc5 {[%clk 0:06:54]} 17. O-O-O {[%clk 0:08:31]} Nxd3+
{[%clk 0:07:01]} 18. Rxd3 {[%clk 0:08:39]} Qc7 {[%clk 0:07:07]} 19. Ne3
{[%clk 0:06:20]} f6 {[%clk 0:05:49]} 20. Rhd1 {[%clk 0:06:21]} Rb8
{[%clk 0:04:08]} 21. Qe4 {[%clk 0:05:34]} b6 {[%clk 0:03:37]} 22. Bb4
{[%clk 0:04:02]} Re8 {[%clk 0:03:02]} 23. Bd6 {[%clk 0:03:06]} Bxd6
{[%clk 0:03:11]} 24. Rxd6 {[%clk 0:03:15]} Bb7 {[%clk 0:02:14]} 25. Qg4
{[%clk 0:03:12]} Qf7 {[%clk 0:02:22]} 26. Qa4 {[%clk 0:02:17]} a6
{[%clk 0:00:35]} 27. Rxb6 {[%clk 0:02:19]} Rbd8 {[%clk 0:00:12]} 28. Rbd6
{[%clk 0:02:10]} Rxd6 {[%clk 0:00:14]} 29. Rxd6 {[%clk 0:02:19]} Bc8
{[%clk 0:00:14]} 30. Qc4 {[%clk 0:01:50]} h6 {[%clk 0:00:13]} 31. Rc6
{[%clk 0:01:26]} Bd7 {[%clk 0:00:22]} 32. Rxa6 {[%clk 0:01:31]} Rc8
{[%clk 0:00:30]} 33. Qd3 {[%clk 0:01:32]} Bc6 {[%clk 0:00:19]} 34. Qd6
{[%clk 0:01:22]} Qe8 {[%clk 0:00:13]} 35. Ra7 {[%clk 0:01:02]} Kh7
{[%clk 0:00:22]} 36. Re7 {[%clk 0:00:51]} Qf8 {[%clk 0:00:11]} 37. Qxe6
{[%clk 0:00:55]} Ba4 {[%clk 0:00:17]} 38. Qf7 {[%clk 0:00:24]} Qh8
{[%clk 0:00:13]} 39. Qxf6 {[%clk 0:00:28]} Rc5 {[%clk 0:00:13]} 40. Qd4
{[%clk 0:00:27]} 1-0

[Event "Rapid 2018"]
[Site "Saint-Petersburg"]
[Date "2018.12.27"]
[Round "10"]
[Board "71"]
[White "Golubov Saveliy (RUS)"]
[Black "Fakhrutdinov Timur (RUS)"]
[Result "1/2-1/2"]
[LiveChessVersion "1.4.8"]
[BlackElo "2388"]
[WhiteElo "2542"]

1. e4 e5 2. Nf3 Nc6 3. Nc3 Nf6 4. a3 d5 5. exd5 Nxd5 6. Bb5 Nxc3 7. bxc3 Bd6 8.
O-O O-O 9. Re1 Qf6 10. d3 Bg4 11. h3 Bxf3 12. Qxf3 Qxf3 13. gxf3 Ne7 14. f4 exf4
15. Bxf4 Bxf4 16. Rxe7 Bd6 17. Re2 c6 18. Bc4 Rfe8 19. Rxe8+ Rxe8 20. d4 Bf4 21.
Rb1 b6 22. Rd1 g6 23. a4 Kg7 24. Kg2 Re7 25. Kf3 Bd6 26. Ra1 Bc7 27. Ba6 f5 28.
a5 bxa5 29. Bb7 c5 30. Bd5 Bb6 31. dxc5 Bxc5 32. Rxa5 Bb6 33. Ra1 g5 34. c4 h5
35. Ra6 Rc7 36. Ra1 Kf6 37. Kg2 Re7 38. Kf1 g4 39. hxg4 hxg4 40. Rb1 f4 41. c5
Bxc5 42. Rb8 Rh7 43. Rc8 Bb6 44. c4 Ke5 45. Re8+ Kd6 46. Re4 f3 47. Rxg4 Rh1+ 48.
Rg1 Rh2 49. Rg8 Rxf2+ 50. Ke1 Re2+ 51. Kd1 Rf2 52. Ke1 Re2+ 53. Kd1 Re3 54. Rf8
Kc5 55. Rxf3 Re5 56. Kc2 Re2+ 57. Kb3 Kd4 58. Rf4+ Ke5 59. Rf8 Kd6 60. Rf6+ Kc5
61. Rc6+ Kd4 62. Re6 Rh2 63. Re4+ Kd3 64. Rg4 Rf2 65. Be4+ Ke3 66. Bc2 Kd2 67.
Be4 Ke3 68. Bc2 Kd2 69. Bg6 Rf3+ 70. Kb4 Be3 71. Kb5 Rf8 72. c5 1/2-1/2